Statistiken für Multiple Choice-Brawl Stars Allgemein Quiz

Klicken Sie hier um das Quiz zu spielen!

Allgemein

  • Dieses Quiz wurde 179 mal gespielt
  • Das Durchschnittsergebnis liegt bei 8 aus 13

Antwortstatistiken

FrageAntwort% Korrekt
Welcher Brawler hat die meisten TP?Frank
92%
Welcher dieser Brawler war gratis im Shop?Edgar
89%
Welche Seltenheit hatten die oben genannten Brawler früher?Chromatisch
85%
Welcher Brawler war im 1. Brawl Pass?Gale
78%
Welcher Brawler hatte schon 2 Gratis Skins?Darryl
77%
Wie nennt man Skins die 199 Gems kosten?Mythisxhe Skins
72%
Höchster Rank in Ranked?Meister
53%
Wie lange muss man nach einem Serverwechseln zum nächsten warten?24 Stunden
51%
Wieviele Seltenheiten gibt es aktuell?6
51%
In welchem Jahr ist Brawl Stars erschienen?2018
50%
Wieviel Credits kostet ein seltener Brawler?160
44%
In der Emtwicklung des Spiels gab es viele Veränderungen, welche dieser Themen gab es damals nicht?Dschungel
30%
Wer war der erste Brawler der gemacht/erfunden wurde?Ruffs
14%

Verteilung der Resultate

Perzentil nach korrekt beantworteten Fragen

Anzahl Personen mit jedem Resultat

Ihre Resultats-Entwicklung

Sie haben dieses Quiz noch nicht gespielt